[Event "TIPC 2010"]
[Site "Charleroi"]
[Date "2010.08.04"]
[Round "4.4"]
[White "Vandervoort, Pascal"]
[Black "Sclacmender, Julien"]
[Result "1-0"]
[WhiteElo "2345"]
[BlackElo "2214"]
[PlyCount "99"]

1. e4 d5 2. exd5 Nf6 3. d4 Bg4 4. Bb5+ Nbd7 5. Be2 Bxe2 6. Qxe2 Nxd5 7. c4 N5f6
8. Nf3 e6 9. O-O Bd6 10. d5 e5 11. Nc3 O-O 12. Bg5 h6 13. Bh4 Qe7 14. Rfe1 Rae8
15. Nd2 g5 16. Bg3 Nh7 17. a3 f5 18. f3 a5 19. Bf2 Nhf6 20. Rab1 Nh5 21. Nf1
Nf4 22. Qc2 Rf6 23. Ng3 Ref8 24. Nd1 Nc5 25. b4 axb4 26. axb4 Ncd3 27. c5 Nxe1
28. Bxe1 Nxd5 29. cxd6 cxd6 30. Nh5 Rg6 31. g4 Qf7 32. Ng3 fxg4 33. fxg4 Rf6
34. Nf2 Ne3 35. Qe2 Rf3 36. Nf5 Rxf5 37. gxf5 Nxf5 38. Qf3 d5 39. Ng4 Qe6 40.
Rd1 e4 41. Qb3 Ne7 42. Qh3 Kh7 43. Qh5 Nf5 44. Bc3 Qb6+ 45. Kh1 d4 46. Ne5 dxc3
47. Nd7 Qe3 48. Nxf8+ Kg8 49. Rf1 c2 50. Qg6+ 1-0

[Event "TIPC 2010"]
[Site "Charleroi"]
[Date "2010.08.02"]
[Round "4.5"]
[White "Simon, Olivier"]
[Black "Henris, Luc"]
[Result "1-0"]
[WhiteElo "2339"]
[BlackElo "2213"]
[PlyCount "57"]

1. e4 e5 2. Nf3 d6 3. d4 exd4 4. Nxd4 Nf6 5. Nc3 Be7 6. Qf3 Nbd7 7. h3 O-O 8.
g4 Re8 9. g5 Ne5 10. Qg2 Nfd7 11. f4 Nc6 12. Be3 Nb6 13. O-O-O Bf8 14. Bf2 Bd7
15. Be2 Nxd4 16. Bxd4 Na4 17. Nxa4 Bxa4 18. b3 Bc6 19. Bf3 a5 20. h4 a4 21. h5
axb3 22. cxb3 Ra5 23. Kb1 Qa8 24. h6 g6 25. Ba1 b6 26. Rhe1 Re6 27. Rd3 f5 28.
gxf6 Bxh6 29. Qh3 1-0

[Event "TIPC 2010"]
[Site "Charleroi"]
[Date "2010.08.02"]
[Round "4.6"]
[White "Vandenbussche, Thibaut"]
[Black "Vanderwaeren, Serge"]
[Result "1-0"]
[WhiteElo "2317"]
[BlackElo "2168"]
[PlyCount "59"]

1. e4 e6 2. d4 d5 3. e5 c5 4. c3 Nc6 5. Nf3 Bd7 6. Be2 Nge7 7. Na3 cxd4 8. cxd4
Nf5 9. Nc2 Qb6 10. O-O Nb4 11. Nxb4 Bxb4 12. g4 Nh6 13. Nh4 Qd8 14. Ng2 Ng8 15.
f4 h5 16. gxh5 Nh6 17. Ne3 Ba5 18. Bd2 Rc8 19. Kh1 Nf5 20. Nxf5 exf5 21. Rg1
O-O 22. Bxa5 Qxa5 23. Rg5 Rc6 24. Qg1 Kh8 25. Rxg7 Qb6 26. Qg3 Qxd4 27. Rg1 Rg6
28. hxg6 Kxg7 29. gxf7+ Kxf7 30. Bh5+ 1-0

[Event "TIPC 2010"]
[Site "Charleroi"]
[Date "2010.08.02"]
[Round "4.7"]
[White "Lacroix, Bruno"]
[Black "Rausis, Igor"]
[Result "1/2-1/2"]
[WhiteElo "2165"]
[BlackElo "2466"]
[PlyCount "64"]

1. d4 d5 2. Nf3 Nf6 3. e3 c5 4. dxc5 g6 5. c4 Bg7 6. Nc3 O-O 7. cxd5 Nbd7 8.
Be2 Nxc5 9. O-O Bf5 10. d6 exd6 11. Nd4 Be6 12. b3 Qe7 13. Bb2 a6 14. Bf3 Rad8
15. Qe2 Bc8 16. Rfd1 Rfe8 17. Rac1 Qe5 18. Rc2 Qg5 19. b4 Ncd7 20. b5 Ne5 21.
bxa6 bxa6 22. Ne4 Nxe4 23. Bxe4 Qh4 24. Bd5 Bg4 25. f3 Bc8 26. Qf2 Qh6 27. e4
Bd7 28. Nc6 Bxc6 29. Bxc6 Nxc6 30. Bxg7 Qxg7 31. Rxc6 d5 32. Qd2 Qe5 1/2-1/2

[Event "TIPC 2010"]
[Site "Charleroi"]
[Date "2010.08.02"]
[Round "4.8"]
[White "Ponnet, Hendrik"]
[Black "Claesen, Pieter"]
[Result "1/2-1/2"]
[WhiteElo "2072"]
[BlackElo "2350"]
[PlyCount "51"]

1. e4 e6 2. d4 d5 3. Nd2 Be7 4. c3 c5 5. dxc5 Bxc5 6. Nb3 Bb6 7. exd5 exd5 8.
Nf3 Nf6 9. Be2 O-O 10. O-O Nc6 11. Bg5 Re8 12. Qd3 h6 13. Bh4 g5 14. Bg3 Ne4
15. Nfd4 Qf6 16. Rae1 Bf5 17. Nxf5 Qxf5 18. Qf3 Qxf3 19. gxf3 Nxg3 20. hxg3 d4
21. cxd4 Nxd4 22. Nxd4 Bxd4 23. Bb5 Rxe1 24. Rxe1 a6 25. Bd3 Bxb2 26. Be4
1/2-1/2

[Event "TIPC 2010"]
[Site "Charleroi"]
[Date "2010.08.02"]
[Round "4.9"]
[White "Uhoda, Philippe"]
[Black "Van Mechelen, Jan"]
[Result "1/2-1/2"]
[WhiteElo "2143"]
[BlackElo "2278"]
[PlyCount "24"]

1. d4 Nf6 2. c4 g6 3. Nc3 Bg7 4. e4 d6 5. Be2 O-O 6. f4 c5 7. Nf3 cxd4 8. Nxd4
Nc6 9. Be3 Bd7 10. O-O Nxd4 11. Bxd4 Bc6 12. Bf3 Nd7 1/2-1/2

[Event "TIPC 2010"]
[Site "Charleroi"]
[Date "2010.08.02"]
[Round "4.10"]
[White "Cornil, Etienne"]
[Black "Bolzoni, Victor-Angel"]
[Result "0-1"]
[WhiteElo "1994"]
[BlackElo "2240"]
[PlyCount "42"]

1. d4 Nf6 2. c4 g6 3. Nc3 d5 4. cxd5 Nxd5 5. e4 Nxc3 6. bxc3 Bg7 7. Bc4 c5 8.
Ne2 Nc6 9. Be3 O-O 10. O-O Bg4 11. f3 Bd7 12. Rb1 Qc7 13. Bb5 Rfd8 14. Qc1 Rac8
15. d5 Na5 16. Bxd7 Qxd7 17. c4 Qa4 18. Bd2 Nxc4 19. Rxb7 Qxa2 20. Rd1 Qa6 21.
Rxe7 Nb2 0-1

[Event "TIPC 2010"]
[Site "Charleroi"]
[Date "2010.08.02"]
[Round "4.12"]
[White "Real, Thibaut"]
[Black "Barbier, Wim"]
[Result "0-1"]
[WhiteElo "1976"]
[BlackElo "2151"]
[PlyCount "64"]

1. e4 d6 2. d4 Nf6 3. Nc3 e5 4. dxe5 dxe5 5. Qxd8+ Kxd8 6. Bg5 Be6 7. Nf3 Nbd7
8. O-O-O Kc8 9. a3 a6 10. Ne1 Be7 11. Nd3 h6 12. Bh4 Re8 13. f3 Nxe4 14. Nxe4
Bxh4 15. Ndc5 f5 16. Nxe6 Rxe6 17. Ng3 g6 18. Bc4 Rd6 19. Ne2 Nf8 20. Nc3 Kd7
21. Bd5 c6 22. Bb3 b5 23. g4 Rd8 24. Rxd6+ Kxd6 25. Rd1+ Ke7 26. Rxd8 Kxd8 27.
Kd2 Ke7 28. gxf5 gxf5 29. Ke3 Bg5+ 30. Ke2 Ne6 31. Nd1 Nd4+ 32. Kf2 c5 0-1

[Event "TIPC 2010"]
[Site "Charleroi"]
[Date "2010.08.02"]
[Round "4.13"]
[White "Noiroux, Kevin"]
[Black "Bruno, Ricardo"]
[Result "1-0"]
[WhiteElo "2162"]
[BlackElo "1921"]
[PlyCount "79"]

1. d4 Nf6 2. c4 e6 3. Nc3 d5 4. cxd5 exd5 5. Bg5 Be7 6. e3 Nbd7 7. Bd3 O-O 8.
Nf3 c6 9. O-O Re8 10. h3 Nf8 11. Qc2 g6 12. Rab1 Ne6 13. Bh4 Ng7 14. Bg3 Bf5
15. b4 a6 16. a4 Bxd3 17. Qxd3 Nf5 18. Bh2 Bd6 19. Ne5 Bxe5 20. Bxe5 b5 21. Na2
Nd7 22. Qc3 Re6 23. Bh2 Nb6 24. a5 Nc4 25. Nc1 Nfd6 26. Bxd6 Qxd6 27. Nd3 g5
28. Nc5 Rh6 29. e4 g4 30. e5 Qg6 31. Kh2 Kh8 32. Rbe1 Qf5 33. f4 Rg8 34. Re2
Rgg6 35. Qd3 gxh3 36. g3 Qc8 37. f5 Rg8 38. Qf3 Rf8 39. Qf4 Rh5 40. Qg4 1-0

[Event "TIPC 2010"]
[Site "Charleroi"]
[Date "2010.08.02"]
[Round "4.14"]
[White "Van Uytven, Eric"]
[Black "Marchal, Patrice"]
[Result "1/2-1/2"]
[WhiteElo "2160"]
[BlackElo "1916"]
[PlyCount "65"]

1. d4 d5 2. c4 c6 3. Nf3 e6 4. Bg5 Nf6 5. Nbd2 g6 6. e3 Bg7 7. Bd3 O-O 8. O-O
Nbd7 9. Rc1 Qe8 10. Bf4 Qe7 11. c5 Ne8 12. e4 e5 13. Nxe5 Nxe5 14. Bxe5 Bxe5
15. dxe5 Qxe5 16. exd5 cxd5 17. b4 Be6 18. Nf3 Qb2 19. Qb3 Qxb3 20. axb3 a6 21.
Nd4 Nc7 22. Rfe1 Rfe8 23. f3 Bd7 24. Kf2 Rxe1 25. Rxe1 Re8 26. Rd1 Kf8 27. g4
Ne6 28. Bf1 Nxd4 29. Rxd4 Bc6 30. g5 Kg7 31. Bg2 f5 32. f4 Rd8 33. Bf3 1/2-1/2

[Event "TIPC 2010"]
[Site "Charleroi"]
[Date "2010.08.02"]
[Round "4.15"]
[White "Denivet, Axel"]
[Black "Jourdain, Jean-François"]
[Result "1-0"]
[WhiteElo "1904"]
[BlackElo "2140"]
[PlyCount "73"]

1. e4 e6 2. d4 d5 3. Nc3 Bb4 4. e5 c5 5. a3 Bxc3+ 6. bxc3 Ne7 7. Qg4 Qc7 8. Ne2
O-O 9. h4 cxd4 10. cxd4 Qxc2 11. Bh6 Nf5 12. Bg5 Nc6 13. Rc1 Qb2 14. Rd1 b6 15.
h5 Ba6 16. Be3 h6 17. Bc1 Bxe2 18. Bxe2 Qc3+ 19. Kf1 Ncxd4 20. Rh3 Qc7 21. Bxh6
Qxe5 22. Be3 Nxe2 23. Qxe2 Rfd8 24. Qg4 Rac8 25. h6 Rc4 26. h7+ Kh8 27. Qxc4
Nxe3+ 28. Rxe3 Qh5 29. Qc2 Qh1+ 30. Ke2 Qxg2 31. Rg3 Qh2 32. Rdg1 d4 33. Kf1 g6
34. Qc7 Qh4 35. Qxf7 Rc8 36. Qxg6 Rc1+ 37. Kg2 1-0

[Event "TIPC 2010"]
[Site "Charleroi"]
[Date "2010.08.02"]
[Round "4.16"]
[White "Hody, Pierre"]
[Black "Leloutre, Bernard"]
[Result "1/2-1/2"]
[WhiteElo "2139"]
[BlackElo "1883"]
[PlyCount "56"]

1. e4 e6 2. d4 d5 3. Nc3 Bb4 4. e5 c5 5. a3 Bxc3+ 6. bxc3 Qa5 7. Bd2 Qa4 8. f4
cxd4 9. cxd4 Qxd4 10. Nf3 Qa4 11. Bd3 b6 12. O-O Ba6 13. Qe2 Bxd3 14. cxd3 Nc6
15. Rfc1 Nge7 16. Qf2 O-O 17. Rc3 Rac8 18. Rac1 Na5 19. Rxc8 Rxc8 20. Rxc8+
Nxc8 21. Bxa5 Qxa5 22. Qh4 Qc5+ 23. Kf1 Ne7 24. a4 Qc1+ 25. Ke2 Qc2+ 26. Ke1
Qc1+ 27. Ke2 Qc2+ 28. Ke1 Qc1+ 1/2-1/2

[Event "TIPC 2010"]
[Site "Charleroi"]
[Date "2010.08.02"]
[Round "4.17"]
[White "Marchal , Chantal"]
[Black "Mastalerz, Xavier"]
[Result "0-1"]
[WhiteElo "1864"]
[BlackElo "2120"]
[PlyCount "82"]

1. e4 e6 2. d4 d5 3. Nd2 Nf6 4. e5 Nfd7 5. Bd3 c5 6. c3 Nc6 7. Ne2 cxd4 8. cxd4
f6 9. exf6 Nxf6 10. Nf3 Bd6 11. Nc3 O-O 12. O-O e5 13. dxe5 Nxe5 14. Nxe5 Bxe5
15. h3 Bc7 16. Nb5 Bb8 17. Be3 a6 18. Nd4 Qd6 19. f4 Re8 20. Qf3 Ba7 21. Nc2 d4
22. Bd2 Be6 23. f5 Bd5 24. Qf4 Qxf4 25. Bxf4 Be4 26. Rad1 Rac8 27. Ne1 Nd5 28.
Rc1 Rxc1 29. Bxc1 Nb4 30. Bc4+ Kh8 31. Bd2 Nc6 32. Bd3 Bd5 33. b3 Ne5 34. Bb1
Nd7 35. Bd3 Nc5 36. f6 gxf6 37. Bb1 Kg7 38. Nd3 Ne4 39. Bb4 Nc3 40. Nf4 Ne2+
41. Nxe2 Rxe2 0-1

[Event "TIPC 2010"]
[Site "Charleroi"]
[Date "2010.08.02"]
[Round "4.18"]
[White "Watelet, Sylvain"]
[Black "Maraite, Gregory"]
[Result "0-1"]
[WhiteElo "1882"]
[BlackElo "2098"]
[PlyCount "86"]

1. e4 c5 2. c4 Nc6 3. g3 g6 4. Bg2 Bg7 5. Ne2 e6 6. Nbc3 Nge7 7. d3 d6 8. Be3
Nd4 9. Rb1 Nec6 10. a3 a5 11. O-O O-O 12. b3 Rb8 13. Qd2 Bd7 14. Bh6 b5 15.
Bxg7 Kxg7 16. Nxb5 Nxb5 17. cxb5 Rxb5 18. d4 e5 19. dxe5 dxe5 20. Nc3 Rb7 21.
Na4 Nd4 22. Nxc5 Rb5 23. Nxd7 Qxd7 24. Rfd1 Rfb8 25. Qd3 Qe6 26. b4 axb4 27.
axb4 Rxb4 28. Rxb4 Rxb4 29. Rb1 Qb6 30. Rxb4 Qxb4 31. Qd1 Qb2 32. Bf1 h5 33. h3
Qc3 34. Bg2 Ne6 35. Kh2 h4 36. g4 Nf4 37. Qf1 Qd2 38. f3 Kf6 39. Kh1 Kg5 40.
Kh2 Qxg2+ 41. Qxg2 Nxg2 42. Kxg2 Kf4 43. Kf2 g5 0-1

[Event "TIPC 2010"]
[Site "Charleroi"]
[Date "2010.08.02"]
[Round "4.19"]
[White "Russo, Julien"]
[Black "Majewski, Philippe"]
[Result "1-0"]
[WhiteElo "2084"]
[BlackElo "1853"]
[PlyCount "47"]

1. e4 a6 2. d4 b5 3. Nf3 Bb7 4. Bd3 Nf6 5. Qe2 e6 6. Bg5 Be7 7. Nbd2 h6 8. Bf4
O-O 9. O-O-O d5 10. e5 Nfd7 11. h4 c5 12. c3 Nc6 13. Bxh6 gxh6 14. Ng5 Bxg5 15.
hxg5 Qxg5 16. Rh3 Ncxe5 17. Rg3 Nxd3+ 18. Qxd3 c4 19. Rxg5+ hxg5 20. Qg3 Rfd8
21. Qxg5+ Kf8 22. Rh1 Ke8 23. Nf3 f6 24. Qg7 1-0

[Event "TIPC 2010"]
[Site "Charleroi"]
[Date "2010.08.02"]
[Round "4.20"]
[White "Flamant, Jacky"]
[Black "Van Vliet, Dennis"]
[Result "0-1"]
[WhiteElo "1852"]
[BlackElo "2076"]
[PlyCount "56"]

1. e4 e6 2. d4 d5 3. e5 c5 4. c3 Qb6 5. a3 Nc6 6. Nf3 Nh6 7. Bd3 Bd7 8. Bc2 a5
9. O-O Be7 10. b3 cxd4 11. cxd4 Nf5 12. Bb2 h6 13. Bxf5 exf5 14. Nc3 Be6 15.
Rc1 g5 16. Na4 Qd8 17. Nc5 g4 18. Nxb7 Qb6 19. Nd6+ Bxd6 20. exd6 gxf3 21. Re1
Kd7 22. a4 fxg2 23. Rc5 Nb4 24. Qe2 Rhc8 25. Rb5 Qxd6 26. Rb7+ Rc7 27. Qb5+ Ke7
28. Rb6 Qd7 0-1

[Event "TIPC 2010"]
[Site "Charleroi"]
[Date "2010.08.02"]
[Round "4.21"]
[White "Atienza, Hilario"]
[Black "Hulpia, Fabian"]
[Result "1/2-1/2"]
[WhiteElo "1851"]
[BlackElo "2069"]
[PlyCount "64"]

1. e4 e5 2. Nf3 Nc6 3. Bb5 a6 4. Bxc6 dxc6 5. O-O f6 6. d4 Bg4 7. dxe5 Qxd1 8.
Rxd1 fxe5 9. Rd3 Bd6 10. Bg5 Ne7 11. Nbd2 b5 12. Nf1 Rf8 13. Ng3 Ng6 14. Nh4
Nxh4 15. Bxh4 h6 16. Nf1 Be2 17. Rd2 Bxf1 18. Kxf1 Rf4 19. Bg3 Rxe4 20. f3 Rc4
21. Bxe5 Bxe5 22. Re1 Rc5 23. b4 Kf8 24. Rd7 Rd5 25. Rxd5 cxd5 26. Rxe5 c6 27.
Re6 a5 28. a3 axb4 29. axb4 Rc8 30. Ke2 c5 31. bxc5 Rxc5 32. Kd3 Kf7 1/2-1/2

[Event "TIPC 2010"]
[Site "Charleroi"]
[Date "2010.08.02"]
[Round "4.23"]
[White "Di Cosmo, Jonathan"]
[Black "Decrop, Benjamin"]
[Result "1-0"]
[WhiteElo "2019"]
[BlackElo "1825"]
[PlyCount "61"]

1. d4 Nf6 2. c4 g6 3. Nc3 Bg7 4. e4 d6 5. Be2 O-O 6. Nf3 e5 7. O-O Nc6 8. d5
Ne7 9. Ne1 Nd7 10. Nd3 f5 11. Bd2 Nf6 12. f3 f4 13. c5 g5 14. cxd6 cxd6 15. Nf2
h5 16. h3 Kf7 17. Qc2 Ng6 18. Rfc1 Bd7 19. a4 a6 20. a5 Rc8 21. Qb3 Qc7 22. Na4
Qb8 23. Nb6 Rxc1+ 24. Rxc1 Ne7 25. Nc4 Rc8 26. Qxb7 Qxb7 27. Nxd6+ Kf8 28. Nxb7
Rb8 29. Bxa6 Bb5 30. Bxb5 Rxb7 31. a6 1-0

[Event "TIPC 2010"]
[Site "Charleroi"]
[Date "2010.08.02"]
[Round "4.24"]
[White "Hanset, Marc"]
[Black "Baguet, Frédéric"]
[Result "0-1"]
[WhiteElo "1850"]
[BlackElo "2017"]
[PlyCount "62"]

1. e4 d5 2. exd5 Qxd5 3. Nc3 Qa5 4. d4 Nf6 5. Nf3 Bf5 6. Bd2 c6 7. Ne4 Qc7 8.
Nxf6+ gxf6 9. Bc3 Nd7 10. Bd3 Bg6 11. O-O O-O-O 12. Bxg6 hxg6 13. Qe2 e6 14. a4
Bd6 15. g3 Rh5 16. b4 Rdh8 17. b5 cxb5 18. Qd2 Qc6 19. Qe3 b4 20. Bd2 g5 21. c3
b3 22. c4 g4 23. Nh4 Rxh4 24. gxh4 Bxh2+ 25. Kxh2 Rxh4+ 26. Kg3 Rh3+ 27. Kxg4
Qg2+ 28. Qg3 f5+ 29. Kf4 Qe4+ 30. Kg5 Rxg3+ 31. fxg3 Qg4+ 0-1

[Event "TIPC 2010"]
[Site "Charleroi"]
[Date "2010.08.03"]
[Round "5.2"]
[White "Wirig, Anthony"]
[Black "Vandenbussche, Thibaut"]
[Result "1/2-1/2"]
[WhiteElo "2489"]
[BlackElo "2317"]
[PlyCount "37"]

1. c4 g6 2. d4 Bg7 3. e4 d6 4. Nc3 e5 5. Nf3 Nd7 6. Be2 Ngf6 7. d5 Nc5 8. Qc2
a5 9. b3 Nh5 10. Bg5 f6 11. Be3 O-O 12. O-O-O f5 13. Bxc5 dxc5 14. Ne1 Nf6 15.
exf5 Bxf5 16. Qd2 Ne4 17. Nxe4 Bxe4 18. f3 Bf5 19. g4 1/2-1/2

[Event "TIPC 2010"]
[Site "Charleroi"]
[Date "2010.08.03"]
[Round "5.3"]
[White "Hautot, Stephane"]
[Black "Duhayon, Yves"]
[Result "1/2-1/2"]
[WhiteElo "2422"]
[BlackElo "2211"]
[PlyCount "20"]

1. d4 Nf6 2. Nf3 d5 3. c4 e6 4. e3 Be7 5. Bd3 dxc4 6. Bxc4 O-O 7. O-O a6 8. Ne5
c5 9. dxc5 Bxc5 10. a4 Qc7 1/2-1/2

[Event "TIPC 2010"]
[Site "Charleroi"]
[Date "2010.08.03"]
[Round "5.4"]
[White "Barbier, Wim"]
[Black "Van der Stricht, Geert"]
[Result "0-1"]
[WhiteElo "2151"]
[BlackElo "2393"]
[PlyCount "76"]

1. c4 c6 2. g3 d5 3. Bg2 Nf6 4. Nf3 Bg4 5. Ne5 Be6 6. cxd5 Bxd5 7. Nf3 c5 8.
Nc3 Bc6 9. O-O Nbd7 10. Qc2 Rc8 11. Rd1 e5 12. e3 c4 13. e4 Bc5 14. d4 cxd3 15.
Qxd3 Ng4 16. Rf1 Qb6 17. Qe2 O-O 18. h3 Ngf6 19. Nh4 g6 20. Bh6 Rfe8 21. a4 a5
22. Nf3 Nf8 23. Ng5 Ne6 24. Qf3 Nxg5 25. Qxf6 Ne6 26. Nd5 Qd8 27. Rfd1 Bxd5 28.
Qxe5 Qb6 29. exd5 Bd4 30. Qe4 Bxf2+ 31. Kh1 Nd4 32. Qf4 Ne2 33. Qf3 Nxg3+ 34.
Kh2 Nf5 35. Rf1 Bg3+ 36. Kh1 Bd6 37. Bg5 Ng3+ 38. Kh2 Nxf1+ 0-1

[Event "TIPC 2010"]
[Site "Charleroi"]
[Date "2010.08.03"]
[Round "5.5"]
[White "Maes, Wim"]
[Black "Houriez, Clément"]
[Result "1/2-1/2"]
[WhiteElo "2232"]
[BlackElo "2259"]
[PlyCount "48"]

1. e4 c5 2. Nf3 d6 3. d3 Nc6 4. g3 g6 5. Bg2 Bg7 6. O-O e5 7. Nc3 Nge7 8. Nd2
O-O 9. Nc4 a6 10. a4 b6 11. f4 Rb8 12. Ne3 exf4 13. gxf4 f5 14. exf5 gxf5 15.
Ncd5 Kh8 16. Rf3 Bb7 17. Rg3 Nxd5 18. Nxd5 Ne7 19. Ne3 Bxg2 20. Nxg2 d5 21. c3
d4 22. c4 Qd6 23. Bd2 Bf6 24. Qh5 Rg8 1/2-1/2

[Event "TIPC 2010"]
[Site "Charleroi"]
[Date "2010.08.03"]
[Round "5.6"]
[White "Bolzoni, Victor-Angel"]
[Black "Lacroix, Bruno"]
[Result "0-1"]
[WhiteElo "2240"]
[BlackElo "2165"]
[PlyCount "70"]

1. e4 e6 2. d4 d5 3. Nc3 Bb4 4. e5 b6 5. Qg4 Bf8 6. Bg5 Qd7 7. Nf3 h6 8. Bh4
Ba6 9. O-O-O g5 10. Bxg5 hxg5 11. Nxg5 Bxf1 12. Rhxf1 Nc6 13. f4 Nge7 14. Qf3
Nf5 15. Qf2 O-O-O 16. g4 Nfxd4 17. Rxd4 Nxd4 18. Qxd4 Rxh2 19. Qg1 Rh8 20. Nf3
d4 21. Rd1 Bc5 22. Ne4 Qd5 23. Nfg5 Be7 24. Kb1 Bxg5 25. Nxg5 Rd7 26. b3 Qc6
27. f5 exf5 28. gxf5 Qd5 29. Nh7 Qxe5 30. f6 Qf5 31. Qg2 Kb8 32. Rh1 d3 33.
cxd3 Qxd3+ 34. Ka1 Qc3+ 35. Qb2 Qf3 0-1

[Event "TIPC 2010"]
[Site "Charleroi"]
[Date "2010.08.03"]
[Round "5.7"]
[White "Claesen, Pieter"]
[Black "Godart, François"]
[Result "1-0"]
[WhiteElo "2350"]
[BlackElo "2240"]
[PlyCount "47"]

1. d4 Nf6 2. Nf3 e6 3. e3 b6 4. Bd3 Bb7 5. O-O c5 6. c4 cxd4 7. exd4 d6 8. Nc3
Be7 9. d5 e5 10. Ng5 h6 11. Nge4 Nbd7 12. f4 Nxe4 13. Nxe4 O-O 14. Ng3 Nf6 15.
Bc2 b5 16. b3 bxc4 17. bxc4 Ba6 18. fxe5 dxe5 19. Qd3 Qb6+ 20. Kh1 Qd4 21. Nf5
Qxa1 22. Nxe7+ Kh8 23. Bxh6 Qd4 24. Bxg7+ 1-0

[Event "TIPC 2010"]
[Site "Charleroi"]
[Date "2010.08.03"]
[Round "5.8"]
[White "Rausis, Igor"]
[Black "Ponnet, Hendrik"]
[Result "1-0"]
[WhiteElo "2466"]
[BlackElo "2072"]
[PlyCount "43"]

1. Nf3 Nc6 2. e4 e5 3. Bb5 Nge7 4. Nc3 Ng6 5. d4 exd4 6. Nxd4 Bc5 7. Be3 Bxd4
8. Bxd4 O-O 9. O-O d6 10. Be3 Kh8 11. f4 f5 12. Qd2 Nce7 13. Rae1 fxe4 14. Nxe4
Nf5 15. Bf2 d5 16. Ng5 Nd6 17. Bd3 Qf6 18. f5 Ne5 19. Bd4 Ndc4 20. Qf4 h6 21.
Nh3 g5 22. Qxe5 1-0

[Event "TIPC 2010"]
[Site "Charleroi"]
[Date "2010.08.03"]
[Round "5.9"]
[White "Van Mechelen, Jan"]
[Black "Di Cosmo, Jonathan"]
[Result "0-1"]
[WhiteElo "2278"]
[BlackElo "2019"]
[PlyCount "90"]

1. d4 d5 2. c4 c6 3. Nf3 Nf6 4. e3 Bf5 5. Nc3 e6 6. Nh4 Bg6 7. Qb3 Qc7 8. Bd2
Nbd7 9. Rc1 Qb6 10. Qd1 Bh5 11. Be2 Bxe2 12. Qxe2 Be7 13. Nf3 Ne4 14. Rc2 Nxc3
15. Bxc3 Nf6 16. Nd2 O-O 17. O-O Rad8 18. c5 Qc7 19. b4 a6 20. Nb3 Ra8 21. f3
Rfe8 22. Be1 Nd7 23. Bg3 e5 24. e4 Bf6 25. exd5 cxd5 26. Na5 Nb8 27. Re1 Nc6
28. Nxc6 bxc6 29. dxe5 Qb7 30. Qd2 Bd8 31. f4 a5 32. a3 axb4 33. axb4 Bc7 34.
Rb2 Ra4 35. Bf2 Rb8 36. Reb1 Qa6 37. Bd4 Ra1 38. f5 Rxb1+ 39. Rxb1 Qc8 40. Qg5
Qf8 41. f6 g6 42. e6 fxe6 43. f7+ Qxf7 44. g3 Qf5 45. Qxf5 gxf5 0-1

[Event "TIPC 2010"]
[Site "Charleroi"]
[Date "2010.08.03"]
[Round "5.10"]
[White "Sclacmender, Julien"]
[Black "Giadrosic, Dinko"]
[Result "1-0"]
[WhiteElo "2214"]
[BlackElo "1983"]
[PlyCount "39"]

1. e4 d6 2. d4 Nf6 3. Nc3 e5 4. Nf3 Nbd7 5. g4 h5 6. g5 exd4 7. Nxd4 Ng8 8. g6
Ne5 9. gxf7+ Kxf7 10. Be3 Qh4 11. Nf3 Nxf3+ 12. Qxf3+ Nf6 13. Bc4+ Ke8 14. h3
Bd7 15. O-O-O Bc6 16. Bb5 Nd7 17. Nd5 Bxd5 18. exd5 a6 19. Bxd7+ Kxd7 20. Qf5+
1-0

[Event "TIPC 2010"]
[Site "Charleroi"]
[Date "2010.08.03"]
[Round "5.11"]
[White "Henris, Luc"]
[Black "Geboers, Jimmy"]
[Result "1/2-1/2"]
[WhiteElo "2213"]
[BlackElo "1963"]
[PlyCount "125"]

1. e4 d5 2. exd5 Qxd5 3. Nf3 Bf5 4. Be2 Nf6 5. O-O e6 6. d4 c6 7. c4 Qd8 8. Nc3
Be7 9. Bf4 Nbd7 10. Re1 O-O 11. Nh4 Bg6 12. Nxg6 hxg6 13. Bf3 Nb6 14. b3 Bb4
15. Re3 Nc8 16. Rd3 Bd6 17. Be5 Qc7 18. Qe2 Rd8 19. Rad1 Ne7 20. g3 Bxe5 21.
Qxe5 Rac8 22. Ne4 Nxe4 23. Bxe4 Rd7 24. f4 Rcd8 25. Kf2 Qxe5 26. dxe5 Rxd3 27.
Rxd3 Rxd3 28. Bxd3 Nf5 29. Be4 Kf8 30. g4 Nh6 31. h3 Ke7 32. Kg3 Kd7 33. Kh4
Ng8 34. Kg5 Ne7 35. h4 Ke8 36. b4 b6 37. h5 gxh5 38. gxh5 Kf8 39. h6 gxh6+ 40.
Kxh6 c5 41. b5 Ng8+ 42. Kg5 Ne7 43. f5 exf5 44. Bxf5 Nxf5 45. Kxf5 Ke7 46. a3
Ke8 47. Kf6 Kf8 48. e6 fxe6 49. Kxe6 Ke8 50. Kd6 Kd8 51. a4 Kc8 52. a5 bxa5 53.
Kxc5 Kb7 54. Kd4 Kb6 55. c5+ Kxb5 56. Kd5 a4 57. c6 Kb6 58. Kd6 a3 59. c7 a2
60. c8=Q a1=Q 61. Qc5+ Ka6 62. Qc4+ Kb6 63. Qc5+ 1/2-1/2

[Event "TIPC 2010"]
[Site "Charleroi"]
[Date "2010.08.03"]
[Round "5.12"]
[White "Vanderwaeren, Serge"]
[Black "Russo, Bruno"]
[Result "1-0"]
[WhiteElo "2168"]
[BlackElo "1949"]
[PlyCount "57"]

1. Nf3 d5 2. e3 Nf6 3. c4 c6 4. Nc3 a6 5. a4 Nbd7 6. d4 e6 7. Bd3 Bd6 8. O-O
O-O 9. e4 dxe4 10. Nxe4 Nxe4 11. Bxe4 f5 12. Bc2 e5 13. c5 Bc7 14. Bb3+ Kh8 15.
Ng5 e4 16. Ne6 Bxh2+ 17. Kxh2 Qh4+ 18. Kg1 f4 19. Bxf4 Rxf4 20. Nxf4 Nf6 21. g3
Qh6 22. Be6 g5 23. Bxc8 Rxc8 24. Ne6 Re8 25. Nxg5 Qxg5 26. Kg2 Ng4 27. Ra3 Qh5
28. Rh1 Qf5 29. Qe2 1-0

[Event "TIPC 2010"]
[Site "Charleroi"]
[Date "2010.08.03"]
[Round "5.13"]
[White "Baguet, Frederic"]
[Black "Noiroux, Kevin"]
[Result "1-0"]
[WhiteElo "2017"]
[BlackElo "2162"]
[PlyCount "79"]

1. d4 Nf6 2. Nc3 d5 3. e4 Nxe4 4. Nxe4 dxe4 5. Bc4 g6 6. Bg5 Bg7 7. c3 O-O 8.
f3 c5 9. d5 h6 10. Bh4 e3 11. f4 Bf6 12. Bg3 b5 13. Bxb5 Bb7 14. Qe2 Qa5 15.
O-O-O Qxa2 16. Bc4 Qa1+ 17. Kc2 Qa4+ 18. Bb3 Qa5 19. Nf3 Ba6 20. Qxe3 c4 21.
Bxc4 Bxc4 22. f5 g5 23. h4 Qb6 24. Qxb6 axb6 25. hxg5 hxg5 26. Ne5 Bxe5 27.
Bxe5 f6 28. Bc7 Nd7 29. d6 e6 30. Rd4 Ra4 31. fxe6 Ne5 32. d7 Nc6 33. Rd6 Bxe6
34. Rxe6 Nd4+ 35. cxd4 Rc4+ 36. Kd3 Rxc7 37. Re7 Rb7 38. Rhh7 Rfb8 39. d8=Q+
Rxd8 40. Rxb7 1-0

[Event "TIPC 2010"]
[Site "Charleroi"]
[Date "2010.08.03"]
[Round "5.14"]
[White "Audin, Thierry"]
[Black "Uhoda, Philippe"]
[Result "1/2-1/2"]
[WhiteElo "2011"]
[BlackElo "2143"]
[PlyCount "43"]

1. d4 Nf6 2. Nc3 d5 3. Bg5 Nbd7 4. Qd3 h6 5. Bxf6 Nxf6 6. O-O-O c6 7. e4 dxe4
8. Nxe4 Nxe4 9. Qxe4 Qd5 10. Qxd5 cxd5 11. Bb5+ Bd7 12. Bxd7+ Kxd7 13. Nf3 f6
14. Nh4 g5 15. Ng6 Rg8 16. Nxf8+ Rgxf8 17. Rd3 h5 18. Re1 e6 19. Rb3 Rab8 20.
Rbe3 Rfe8 21. Ra3 Ra8 22. Rae3 1/2-1/2

[Event "TIPC 2010"]
[Site "Charleroi"]
[Date "2010.08.03"]
[Round "5.15"]
[White "Mastalerz, Xavier"]
[Black "Denivet, Axel"]
[Result "1-0"]
[WhiteElo "2120"]
[BlackElo "1904"]
[PlyCount "77"]

1. Nf3 d5 2. d4 Nf6 3. e3 c5 4. c3 cxd4 5. exd4 Nc6 6. Bd3 Bg4 7. Nbd2 e6 8.
O-O Bd6 9. Re1 Qc7 10. Nf1 O-O 11. Bg5 Nd7 12. Bh4 e5 13. Bxh7+ Kh8 14. dxe5
Ndxe5 15. Bc2 d4 16. Be4 dxc3 17. bxc3 Bh5 18. Ng3 Bg4 19. h3 Bxf3 20. Bxf3 Ng6
21. Nf5 Nxh4 22. Nxh4 Rad8 23. Bd5 g6 24. c4 Be5 25. Rb1 Bg7 26. Qg4 Ne5 27.
Qg5 b6 28. Rbd1 Kh7 29. f4 Rxd5 30. cxd5 Qc5+ 31. Kh1 Nc4 32. f5 Qd6 33. fxg6+
fxg6 34. Re6 Qf4 35. Qxg6+ Kg8 36. Re7 Qf6 37. Qxf6 Bxf6 38. Re4 Nd6 39. Rg4+
1-0

[Event "TIPC 2010"]
[Site "Charleroi"]
[Date "2010.08.03"]
[Round "5.16"]
[White "Maraite , Gregory"]
[Black "Degembe, Serge"]
[Result "1-0"]
[WhiteElo "2098"]
[BlackElo "1714"]
[PlyCount "89"]

1. e4 d5 2. exd5 Nf6 3. c4 e6 4. dxe6 Bxe6 5. Nf3 Nc6 6. Be2 Bc5 7. O-O O-O 8.
a3 Nd4 9. d3 Nxe2+ 10. Qxe2 Re8 11. Be3 Bf5 12. Rd1 Bd4 13. Nxd4 Qxd4 14. Nc3
Qh4 15. Qd2 Ng4 16. Bf4 Ne5 17. Bxe5 Rxe5 18. Re1 Rae8 19. Rxe5 Rxe5 20. d4 Re8
21. Re1 Rd8 22. d5 h6 23. Qe2 Rd6 24. Qe8+ Kh7 25. Qxf7 Rf6 26. Qxc7 Bd3 27.
Qg3 Qxc4 28. Rd1 Bc2 29. Rd2 Rg6 30. Qe3 Bf5 31. Qd4 Qa6 32. f3 b6 33. d6 Bd7
34. Ne4 Qc8 35. Qc3 Qf8 36. Qd3 Qf5 37. b4 Kh8 38. Rc2 Kh7 39. Rc7 Bb5 40. Qd4
Be2 41. Ng3 Qb1+ 42. Kf2 Bb5 43. Qd2 h5 44. h4 a5 45. d7 1-0